Съдбоносни векове за българската народност (Запис номер 57351)
[ съкратено ]
| 000 -Лидер | |
|---|---|
| Контролно поле с фиксирана дължина | 01946nam a2200421 a 4500 |
| 003 - Код на организацията, давaща контролен номер | |
| Контролно поле | BLK |
| 005 - Дата и час на последна редакция | |
| Контролно поле | 20250119004104.0 |
| 008 - Елементи от данни с фиксирана дължина | |
| fixed length control field | 180408b bul|||||r ||||||| ||bul|| |
| 010 ## - Наследен системен номер | |
| LC control number | KNG00061352000 |
| 040 ## - Източник на каталожния запис | |
| Идентификатор на билиотеката - собственик на записа | BLK |
| 041 ## - Код за език | |
| Код за езика на текст/звукозапис или на отделно заглавие | Български |
| Код за езика КДБФ | Български |
| 072 #7 - Код за тематичната категория | |
| Код организация | bullib |
| Код за тематична категория | К |
| Текст | Краезнание |
| 080 ## - УДК | |
| Текстов определител УДК | Османско владичество (14 - 19 век). България през периода на късния феодализъм |
| УДК код - определител по УДК | 94(497.2)"1396/1878" |
| УДК - код + определител | 94(497.2)"1396/1878" |
| 080 ## - УДК | |
| Текстов определител УДК | Българската държава от нач. на ХХ в. до края на Първата световна война (1901-1918). Разцвет на капитализма |
| УДК код - определител по УДК | 94(497.2)"1901/1918" |
| УДК - код + определител | 94(497.2)"1901/1918" |
| 100 1# - Редна дума - Автор | |
| Автор | Петров, Петър Христов |
| Авторска отговорност | първи автор |
| R(LIN) | 365020 |
| 139 ## - Редно поле | |
| Редна дума | Петров, Петър Христов |
| Авторски знак | Петро - П 47 |
| 245 10 - Сведения за заглавието | |
| Заглавие | Съдбоносни векове за българската народност |
| Подзаглавни данни | Края на ХIV век - 1912 г. : Моногр. |
| Редно поле (дума) | Петър Христов Петров. |
| 257 ## - Страна на издаване | |
| Страна на създаване/издаване | България |
| 260 ## - Област на издателските данни | |
| Място на издаване, разпространение и проч. | София |
| Име на издателя, разпространителя и проч. | Наука и изкуство |
| Година на издаване | 1975 |
| 300 ## - Физическа характеристика | |
| Страници | 467 с. |
| Размери/Мащаб | 25 см |
| 380 ## - Жанр | |
| Жанр | История |
| 490 ## - СЕРИИ (Колекции) | |
| Име на серия | Векове |
| 9 (RLIN) | 478308 |
| 500 ## - Общи забележки | |
| Забележка | Изд. на Бълг. истор. д-во. - Съдържа и списък на употребените турски думи и термини. |
| 650 #0 - Допълнително описание по предмет – тема | |
| Основно описание – тема или топоним | България - история |
| 9 (RLIN) | 244493 |
| 650 #4 - Допълнително описание по предмет – тема | |
| Основно описание – тема или топоним | Помохамеданчване на българи - документи |
| 9 (RLIN) | 167133 |
| 651 #4 - Допълнително описание по предмет - топоним | |
| Географско понятие | България |
| 9 (RLIN) | 241624 |
| 653 ## - Ключова дума – ненормативна | |
| Ключова дума | история |
| 653 ## - Ключова дума – ненормативна | |
| Ключова дума | помохамеданчване |
| 659 ## - Тематичен бюлетин | |
| Тематичен бюлетин | К |
| 852 ## - Местоположение | |
| Форматна сигнатура | Цб 76915 |
| 852 ## - Местоположение | |
| Форматна сигнатура | К 94(497.2)/П 44 П |
| 856 4# - Електронен адрес и достъп | |
| Електронен формат | pdf - файл |
| 856 4# - Електронен адрес и достъп | |
| Електронен формат | pdf - файл |
| 999 ## - СИСТЕМНИ КОНТРОЛНИ НОМЕРА | |
| Koha biblionumber | 57351 |
| Koha biblioitemnumber | 57351 |
| 942 ## - АРТИКУЛИ | |
| Вид на библиотечния материал | Книги |
| Скрит в OPAC | Не |
| Периодичен библиозапис | Да |
| 944 ## - СЪЗДАВАНЕ И РЕДАКЦИЯ на ЗАПИСА | |
| Създаване/Редакция | Създаване |
| Дата на регистрацията/редакция | 13.06.2004 |
| Служител, извършил регистрацията/редакцията | |
| Статус, дата на статуса | CRON CRON |
| 944 ## - СЪЗДАВАНЕ И РЕДАКЦИЯ на ЗАПИСА | |
| Създаване/Редакция | Редакция |
| Дата на регистрацията/редакция | 2022-09-30 |
| Служител, извършил регистрацията/редакцията | ир |
| 999 ## - СИСТЕМНИ КОНТРОЛНИ НОМЕРА | |
| Koha biblioitemnumber | 57351 |
| Код за отписване | Код за изгубен артикул | Код за повреда | Коз за рестрикции | Код за отдаване | Артикулен № | Име на библиотеката - собственик | Име на библиотеката, в която се намира в момента | Статус (Текущо местоположение) | Дата на вписване в системата | Местоположение - отдел | Цена в лева | Инвентарен номер | Систематично азбучна сигнатура | Баркод | Номер на екземпляра | Цена в евро | Служебна бележка | Служебен тип на артикула | Източник на класификационната схема |
|---|---|---|---|---|---|---|---|---|---|---|---|---|---|---|---|---|---|---|---|
| Изтеглен | Не е изгубен | Не е повреден | без рестрикции | заемане за дома | 92784 | Регионална библиотека "Любен Каравелов" Русе | Регионална библиотека "Любен Каравелов" Русе | Заемна - подръчен фонд | 2004-06-29 | Заемна - подръчен фонд | 10.00 | 120000686557 | П 949.72/П 47 | 120000686557 | 1 | 5.11 | Дост: Ak Вид: Г N: 14 Дата: 28.06.2004 Дата инв: 08.02.2018 Бележки инв: П2018 | Книги | |
| Не е изгубен | Не е повреден | само за читалня | ползва се в читалня | 92785 | Регионална библиотека "Любен Каравелов" Русе | Регионална библиотека "Любен Каравелов" Русе | Хранилище | 1975-01-01 | Хранилище | 5.07 | 187913 | Цб 76915 | 120000187913 | 2 | 2.59 | Дост: Dp Вид: Д N: стар фонд Дата: 01.01.1975 | Книги | Universal Decimal Classification | |
| Изтеглен | Не е изгубен | Не е повреден | без рестрикции | заемане за дома | 92786 | Регионална библиотека "Любен Каравелов" Русе | Регионална библиотека "Любен Каравелов" Русе | Заемна - подръчен фонд | 1975-01-01 | Заемна - подръчен фонд | 5.07 | 188014 | П 949.72.03/П 47 | 188014 | 3 | 2.59 | Дост: Pk Вид: Ф N: стар фонд Дата: 01.01.1975 | Книги | Universal Decimal Classification |
| Изтеглен | Не е изгубен | Не е повреден | без рестрикции | заемане за дома | 92787 | Регионална библиотека "Любен Каравелов" Русе | Регионална библиотека "Любен Каравелов" Русе | Заемна - подръчен фонд | 1975-01-01 | Заемна - подръчен фонд | 6.00 | 643436 | 94(497.2)”06/17”/П 47 П | 643436 | 4 | 3.07 | Дост: Pk Вид: Ф N: стар фонд Дата: 01.01.1975 Дата инв: 08.02.2018 Бележки инв: П2018 | Книги | Universal Decimal Classification |
| Не е изгубен | Не е повреден | без рестрикции | ползва се в читалня | 92788 | Регионална библиотека "Любен Каравелов" Русе | Регионална библиотека "Любен Каравелов" Русе | Краезнание | 1975-01-01 | Краезнание | 5.07 | 188016 | К 94(497.2)/П 44 П | 120000188016 | 5 | 2.59 | Дост: Pk Вид: Ф N: стар фонд Дата: 01.01.1975 Дата инв: 06.11.2017 Бележки инв: К2017 | Книги | Universal Decimal Classification |